000 00880nam a2200241Ia 4500
001 15305
003 GE_BSU
008 181216s||||||||xx |||||||||||||| ||und||
040 _cGE_BSU
080 _a821.353.1+821.350.1-32
100 _aყაზბეგი, ალექსანდრე
245 _aთხზულებანი 2 ტომად. ტ.1
245 _bმოთხრობები და რომანები.
245 _cგ.ნატროშვილის წინასიტყვ.
260 _aთბილისი
260 _bსაბჭოთა მწერალი
260 _c1955
300 _a554გვ.23სმ.
300 _cდანართი: გვ. 479-527
300 _eლექსიკონი გვ.531-554
653 _aმოთხრობები და რომანები.
942 _cBK
999 _c48413
_d48413